000 00299nam a22001337a 4500
008 171019b xxu||||| |||| 00| 0 eng d
020 _a9780072961836
041 _aeng
080 _28TH
_a338
100 _a53
101 _aMEN
245 _aSALES FORCE MANAGEMENT
_cJOHNSTON,M.W
942 _2udc
_cBK
999 _c34960
_d34960